<?xml version="1.0" encoding="UTF-8"?>
<record
    xmlns:xsi="http://www.w3.org/2001/XMLSchema-instance"
    xsi:schemaLocation="http://www.loc.gov/MARC21/slim http://www.loc.gov/standards/marcxml/schema/MARC21slim.xsd"
    xmlns="http://www.loc.gov/MARC21/slim">

  <leader>01437    a2200205   4500</leader>
  <controlfield tag="003">Nust</controlfield>
  <controlfield tag="005">20221205141910.0</controlfield>
  <datafield tag="010" ind1=" " ind2=" ">
    <subfield code="a">   74190465</subfield>
  </datafield>
  <datafield tag="020" ind1=" " ind2=" ">
    <subfield code="a">0155117327</subfield>
  </datafield>
  <datafield tag="040" ind1=" " ind2=" ">
    <subfield code="c">Nust</subfield>
  </datafield>
  <datafield tag="082" ind1="0" ind2="0">
    <subfield code="a">530, MIL</subfield>
  </datafield>
  <datafield tag="100" ind1="1" ind2=" ">
    <subfield code="a">Miller, Franklin,</subfield>
    <subfield code="9">104144</subfield>
  </datafield>
  <datafield tag="245" ind1="1" ind2="0">
    <subfield code="a">College physics</subfield>
    <subfield code="c">[by] Franklin Miller, Jr.</subfield>
  </datafield>
  <datafield tag="250" ind1=" " ind2=" ">
    <subfield code="a">3d ed.</subfield>
  </datafield>
  <datafield tag="260" ind1=" " ind2=" ">
    <subfield code="a">New York,</subfield>
    <subfield code="b">Harcourt Brace Jovanovich</subfield>
    <subfield code="c">[1972]</subfield>
  </datafield>
  <datafield tag="300" ind1=" " ind2=" ">
    <subfield code="a">xviii, 749 p.</subfield>
    <subfield code="b">illus.</subfield>
    <subfield code="c">24 cm.</subfield>
  </datafield>
  <datafield tag="505" ind1=" " ind2=" ">
    <subfield code="a">The Nature of Physics (Page-1), Structure and Properties of Matter (Page-14), Kinematics-The Description of Motion (Page-25), Dynamics (Page-57), Statics (Page-81), Conservation of Momentum and Energy (Page-110), Relativity (Page-140), Rotation (Page-163), Elasticity and Vibration (Page-195), Wave Motion (Page-219), Interference and Stationary Waves (Page-238), Fluids (Page-261), Temperature and Expansion (Page-287), Heat and Heat Transfer (Page-300), Thermal Behavior of Gases (Page-319), The Theory of Heat (Page-336), Electric Charge (Page-357), Electric Field (Page-376), Electric Energy (Page-399), Electric Circuits (Page-411) ,Electromagnetism (Page-437), Applied Electricity (Page-463), Electromagnetic Waves (Page-491), Geometrical Optics (Page-509), Wave Optics (Page-536), Applied Optics (Page-567), Electrons and Photons (Page-590), The Outer Atom (Page-609), The Nucleus (Page-629), Applied Nuclear Physics (Page-654). </subfield>
  </datafield>
  <datafield tag="650" ind1=" " ind2="0">
    <subfield code="a">Physics.</subfield>
  </datafield>
  <datafield tag="942" ind1=" " ind2=" ">
    <subfield code="2">ddc</subfield>
    <subfield code="c">BK</subfield>
  </datafield>
  <datafield tag="999" ind1=" " ind2=" ">
    <subfield code="c">180610</subfield>
    <subfield code="d">180610</subfield>
  </datafield>
  <datafield tag="952" ind1=" " ind2=" ">
    <subfield code="0">0</subfield>
    <subfield code="1">0</subfield>
    <subfield code="2">ddc</subfield>
    <subfield code="4">0</subfield>
    <subfield code="7">0</subfield>
    <subfield code="a">MCS</subfield>
    <subfield code="b">MCS</subfield>
    <subfield code="c">GEN</subfield>
    <subfield code="d">2016-12-12</subfield>
    <subfield code="o">530, MIL</subfield>
    <subfield code="p">MCS7469</subfield>
    <subfield code="r">2016-12-08</subfield>
    <subfield code="w">2016-12-12</subfield>
    <subfield code="y">BK</subfield>
  </datafield>
</record>
